Ako gazdujú roľníci v NSR a v Dánsku

Bibliographic Details
Main Author: Jurášek, Prokop, 1929- (Author)
Format: Article
Language:Slovak
Subjects:

MARC

LEADER 00000nab a2200000 a 4500
001 vtls000419273
003 SK-MaSNL
005 20260305012303.0
008 120925c1991 xo 0 slo
015 |a SNBRB19rr/mm-uuuuu 
035 |a CL0419401 
040 |a SNKBUCL  |b slo  |c SNKBUCL  |e AACR2 
041 0 |a slo 
044 |a xo  |c SK 
080 |a 631 (430)(489)  |2 1981 
100 1 |a Jurášek, Prokop,  |d 1929-  |4 aut  |9 97875 
245 1 0 |a Ako gazdujú roľníci v NSR a v Dánsku  |c Prokop Jurášek 
650 0 7 |a poľnohospodárstvo  |2 snkbucl  |9 679 
651 7 |a Nemecko  |2 snkbucl  |9 21020 
651 7 |a Dánsko  |2 snkbucl  |9 56311 
655 7 |a články z novín a časopisov  |2 snkbucl  |9 267496 
773 0 |t Informácie Ministerstva poľnohospodárstva a výživy Slovenskej republiky  |g Roč. 19, č. 9 (1991), s. 13-16 
850 |a Slovenská národná knižnica v Martine  |a MTA001 
852 |a SNK  |b KIS3GCP 
958 |a RK 
992 |a RBX 
999 |c 3256763  |d 3258693